History Quiz

Random History or War Quiz
Score 0/20 Timer 04:00
6 Plays Today
% Correct
Gettysburg
96.9%
Antietam
75.1%
Second Battle of Bull Run
74.3%
Atlanta
67.9%
Vicksburg
66.6%
Shiloh
54.6%
Fredericksburg
41.2%
Battle of the Wilderness
40%
Chancellorsville
36.8%
Second Battle of Petersburg
30.5%
% Correct
Chickamauga
29.1%
Nashville
28.8%
Cold Harbor
28.2%
Spotsylvania Courthouse
23.5%
Seven Days Battles
19.8%
Harpers Ferry
17.3%
Stones River
14.7%
Fort Donelson
14.6%
Seven Pines
11.8%
Siege of Port Hudson
6.4%

You're not logged in!

Compare scores with friends on all Sporcle quizzes.
OR
Log In

Sporcle TV

Today on Sporcle TV


Watch our educational content, quiz creation guides, and fun videos on Sporcle TV.

Show Comments

Extras

Top Quizzes Today


Score Distribution

Paid Content

Your Account Isn't Verified!

In order to create a playlist on Sporcle, you need to verify the email address you used during registration. Go to your Sporcle Settings to finish the process.

Report this User

Report this user for behavior that violates our Community Guidelines.

Details: